Guru yang dedikasi dan prihatin
| Main Author: | |
|---|---|
| Format: | Book |
| Published: |
Kuala Lumpur :
Penerbitan D E ,
2020
|
| Series: | Siri pengukuhan nilai dan perpaduan
|
| Subjects: |
MARC
| LEADER | 00000cam a2200000 7i4500 | ||
|---|---|---|---|
| 001 | 0000278174 | ||
| 005 | 20210121093754.0 | ||
| 020 | |a 9789672135418 | ||
| 090 | 0 | 0 | |a JF |b NOR |
| 100 | 0 | |a Noriah Rashid | |
| 245 | 1 | 0 | |a Guru yang dedikasi dan prihatin |c Noriah Rashid |
| 260 | |a Kuala Lumpur : |b Penerbitan D E , |c 2020 | ||
| 300 | |a 40p. : |b ill. ; |c 22cm. | ||
| 490 | 0 | |a Siri pengukuhan nilai dan perpaduan | |
| 650 | 0 | |a Children's stories, Malay | |
| 999 | |a 00384800 |b BUKU |c PINJAMAN |e PERPUSTAKAAN KOMUNITI PETALING JAYA | ||